000 02628nam0a2200409 4500
001 RU\NLR\bibl\1499092
005 20250616015410.0
010 _a978-5-93272-684-6
_9200
021 _aRU
_b2010-13531
_9901
035 _a(nilc)RSL-KNO-004587045
035 _a(NLR Aleph) 001490561
090 _a1760951
_c1760951
100 _a20100304d2009 |||y0rusy50 ca
101 0 _arus
102 _aRU
105 _aa |||||||||
200 1 _aИнформатика. Программирование в среде Delphi
_eучебное пособие для студентов высших учебных заведений, обучающихся по направлению подготовки 150400 - "Технологические машины и оборудование"
_fВ.В. Кангин, М.В. Кангин, Д.Н. Ямолдинов
_gФедер. агентство по образованию, Гос. образоват. учреждение высш. проф. образования Нижегор. гос. техн. ун-т им. Р.Е. Алексеева, Арзамас. политехн. ин-т (фил. НГТУ им. Р.Е. Алексеева)
210 _aНижний Новгород
_cНижегородский государственный технический университет
_d2009
215 _a359 с.
_cил.
_d20
320 _aБиблиогр.: с. 321 (3 назв.)
517 0 _aПрограммирование в среде Delphi
606 1 _aDELPHI, система программирования
_jУчебные издания для высших учебных заведений
_91452747
_3RU\NLR\auth\66615711
610 0 _aВычислительная техника -- Вычислительные машины электронные цифровые -- Персональные компьютеры -- Программирование -- Графическое программирование -- Учебник для высшей школы
610 2 _aсреда программирования Delphi
686 _aЗ973.26-018.3я73-1
_2rubbk
686 _aЗ973.23-018.2я73-1
700 1 _aКангин
_bВ. В.
_gВладимир Венедиктович
_4070
701 1 _aКангин
_bМ. В.
_gМихаил Владимирович
_4070
701 1 _aЯмолдинов
_bД. Н.
_gДмитрий Николаевич
_4070
801 0 _aRU
_bРГБ
_c20100304
_grcr
801 1 _aRU
_bРГБ
_c20100304
801 2 _aRU
_bNLR
_c20100414
_grcr
830 _aавт. по кн.
942 _cBOOK
980 _aNB
980 _aNBR